|
|
|
|
| LEADER |
00788cam a2200217 7i4500 |
| 001 |
0000007777 |
| 005 |
20170218090000.0 |
| 020 |
|
|
|a 9780071202572
|
| 020 |
|
|
|a 0071202579 (pbk.)
|
| 090 |
0 |
0 |
|a QA76.9.D37
|b B47 1997
|
| 100 |
1 |
|
|a Berson, Alex
|
| 245 |
1 |
0 |
|a Data warehousing, data mining & OLAP
|c Alex Berson, Stephen J. Smith.
|
| 260 |
|
|
|a Boston:
|b McGraw-Hill,
|c 1997.
|
| 300 |
|
|
|a xxvi, 612 p.:
|b ill.;
|c 24 cm.
|
| 490 |
0 |
|
|a McGraw-Hill series on data warehousing dan data management
|
| 504 |
|
|
|a Includes bibliographical references and index
|
| 650 |
0 |
0 |
|a Online data processing
|
| 650 |
0 |
0 |
|a Data mining
|
| 650 |
0 |
0 |
|a Data warehousing
|
| 997 |
|
|
|a Communication, Visual Art & Computing, Faculty
|b Computing, Department
|
| 999 |
|
|
|a 0000003306
|b BOK
|c OPEN SHELF
|e 2nd Floor, Bestari Jaya
|